LIBRARY & INFORMATION CENTRE, KCAET, TAVANUR

ONLINE PUBLIC ACCESS CATALOGUE (OPAC)

Oilseeds: Properties, processing, products and procedures (Record no. 13741)

MARC details
000 -LEADER
fixed length control field 00323nam a22001217a 4500
020 ## - INTERNATIONAL STANDARD BOOK NUMBER
ISBN 9788190723756
082 ## - DEWEY DECIMAL CLASSIFICATION NUMBER
Classification number 633.85
Item number NAG/OI
100 ## - MAIN ENTRY--AUTHOR NAME
Personal name Nagaraj, G
245 ## - TITLE STATEMENT
Title Oilseeds: Properties, processing, products and procedures
260 ## - PUBLICATION, DISTRIBUTION, ETC. (IMPRINT)
Place of publication New Delhi
Name of publisher New India Publishing Agency
Year of publication 2009
300 ## - PHYSICAL DESCRIPTION
Number of Pages 602
942 ## - ADDED ENTRY ELEMENTS (KOHA)
Koha item type Books
Holdings
Withdrawn status Lost status Damaged status Collection code Home library Current library Shelving location Date acquired Source of acquisition Cost, normal purchase price Full call number Accession Number Koha item type
      Non-fiction KAUAET KAUAET General Stacks 31/03/2012 International Books & Periodicals Supply Service, Delhi 2180.00 633.85 NAG/OI 23571 Books
        KAUAET KAUAET General Stacks 31/03/2014   2180.00 633.85 NAG/OI 24484 Books
        KAUAET KAUAET General Stacks 31/03/2014   2180.00 633.85 NAG/OI 24485 Books
        KAUAET KAUAET General Stacks 31/03/2014   2180.00 633.85 NAG/OI 24486 Books
free website counter